| 000 | 00573nam a22001817a 4500 | ||
|---|---|---|---|
| 005 | 20170526103407.0 | ||
| 010 | _aENG-118391 | ||
| 020 |
_a9788129137432 _c295.00 |
||
| 035 | _aEN-101923 | ||
| 037 | _bDBAD/PUB | ||
| 082 | _a230.609547 | ||
| 100 | _a Haroon Khalid | ||
| 245 |
_aIn search of shiva _bA study of folk religious practices in pakistan / _cby Haroon Khalid |
||
| 260 |
_aNew Delhi _bRoopa Publications _c2015 |
||
| 270 | _a7/16, Ansari Road, Daryaganj New Delhi-110002 | ||
| 300 |
_a245p _c20cm.(pbk) |
||
| 942 |
_2ddc _cEN _h230.609547 _mHAR |
||
| 999 |
_c140418 _d140418 |
||